| 000 | 00721cam a22002411 4500 | ||
|---|---|---|---|
| 999 |
_c342641 _d342641 |
||
| 001 | 8993058 | ||
| 003 | NUST | ||
| 005 | 20180111115819.0 | ||
| 008 | 900119m19729999pk 000 0 urdr | ||
| 010 | _a 72930856 | ||
| 035 | _a(OCoLC)20927371 | ||
| 040 |
_aDLC _cWaU _dDLC |
||
| 042 | _apremarc | ||
| 050 | 0 | 0 |
_aDS385.S5 _bA3 |
| 082 |
_a891.4393 _bKAS |
||
| 100 | 0 |
_aShorish Kāshmīrī, _d1917-1975. _98283 |
|
| 245 | 1 | 0 |
_aBū-yi gul, nālah-yi dil, _bdūd-i carāg̲h̲-i maḥfil. |
| 260 |
_aLahore, _cMatboat Chatan, _b1976 |
||
| 300 |
_a534 _c22 cm. |
||
| 546 | _aIn Urdu. | ||
| 600 | 0 | 0 |
_aShorish Kāshmīrī, _d1917-1975. _98283 |
| 650 |
_aUrdu Literature _9347 |
||
| 880 |
_6100-01\(3\r _aشورش کاشمیری |
||
| 880 |
_6245-02\(3\r _aبوئے گل، نالہ دل دود چراغ محفل _cشورش کاشمیری |
||
| 880 |
_6260-03\(3\r _aلاہور: _bمطبوعات چٹان، _c1972 |
||
| 906 |
_a7 _bcbc _coclcrpl _du _encip _f19 _gy-gencatlg |
||
| 942 |
_2ddc _cBK |
||